000 00196 a2200085 4500
020 _a9780714877280
100 _aRICHARD BURDETT
245 _aSHAPING CITIES IN AN URBAN AGE
260 _bPHAIDON PRESS
999 _c13149
_d13149